Statistiques concernant Fairy Tail-Les membres de Tartaros

Cliquez ici pour prendre le quiz!

Statistiques générales

  • Ce quiz a été pris 21 fois
  • Le résultat moyen est 7 sur 10

Statistiques - réponses

Réponse% Correct
Kyoka
90%
Silver
90%
Jackal
85%
Seila
80%
Mard Geer
75%
Tempester
70%
Franmars
45%
Keith
45%
Trafzer
40%
Ezer
35%

Distribution des résultats

Percentile par nombre de réponses

% des personnes avec chaque résultat

Votre développement - résultats

Vous n’avez pas pris ce quiz